[Event "Mechanics' Summer TNM; 30/90, SD/30"]
[Site "San Francisco"]
[Date "2009.06.02"]
[Round "2.27"]
[White "Toolis, Patrick"]
[Black "Litowsky, Daniel"]
[Result "0-1"]
[WhiteElo "1247"]
[BlackElo "1700"]
[PlyCount "60"]
[EventDate "2009.??.??"]

1. e4 e5 2. d3 Nc6 3. Nf3 h6 4. h3 Nf6 5. Be2 Bc5 6. O-O O-O 7. a3 a6 8. b4 Bb6
9. Bb2 d6 10. Nbd2 Nh7 11. Nc4 Ba7 12. c3 Ng5 13. Nxg5 Qxg5 14. Kh2 f5 15. exf5
Rxf5 16. d4 exd4 17. cxd4 Be6 18. Ne3 Rf7 19. Bf3 d5 20. Qd3 Raf8 21. Ng4 Qf4+
22. Kg1 Nxd4 23. Bc1 Nxf3+ 24. gxf3 Qg3+ 25. Kh1 Qxh3+ 26. Kg1 Rxf3 27. Ne3
R8f4 28. Qg6 Bxe3 29. Bxe3 Rg4+ 30. Qxg4 Qxg4+ 0-1

[Event "Mechanics' Summer TNM; 30/90, SD/30"]
[Site "San Francisco"]
[Date "2009.07.07"]
[Round "7.31"]
[White "Toolis, Patrick"]
[Black "Mar, Henry"]
[Result "0-1"]
[WhiteElo "1247"]
[BlackElo "1500"]
[PlyCount "72"]
[EventDate "2009.??.??"]

1. e4 c5 2. d3 Nc6 3. h3 d6 4. Nf3 g6 5. Be2 Bg7 6. O-O Nf6 7. Nc3 O-O 8. a3
Ne8 9. Bd2 a6 10. Rb1 Nd4 11. Nxd4 cxd4 12. Na2 e5 13. Qc1 f5 14. Bg5 Bf6 15.
Bh6 Ng7 16. b4 Be6 17. Ra1 Rc8 18. Qd2 Qc7 19. c4 dxc3 20. Qc2 d5 21. exf5 Bxf5
22. Rfc1 d4 23. Bxg7 Kxg7 24. Qb3 b5 25. a4 Bg5 26. Rc2 e4 27. Qd5 Rfd8 28. Qb3
exd3 29. Bd1 dxc2 30. Bxc2 d3 31. Bd1 c2 32. Qb2+ Bf6 33. Qa3 Bxa1 34. Bf3 d2
35. Qb3 d1=Q+ 36. Bxd1 cxd1=Q+ 0-1

[Event "Mechanics' Summer TNM; 30/90, SD/30"]
[Site "San Francisco"]
[Date "2009.06.30"]
[Round "6.29"]
[White "Toolis, Patrick"]
[Black "Starr, Albert"]
[Result "0-1"]
[WhiteElo "1247"]
[BlackElo "1510"]
[PlyCount "112"]
[EventDate "2009.??.??"]

1. e4 e5 2. d3 Nf6 3. Nf3 d6 4. h3 Be7 5. Be2 Nbd7 6. O-O O-O 7. Nc3 a6 8. a3
b5 9. b4 Bb7 10. Bb2 c5 11. Nh4 Nxe4 12. Nf5 Nxc3 13. Bxc3 g6 14. Nh6+ Kg7 15.
Ng4 Nf6 16. Nh2 cxb4 17. axb4 Rc8 18. Bd2 e4 19. Qc1 Ng8 20. Ng4 h5 21. Nh6 Nf6
22. dxe4 Bxe4 23. c3 Nh7 24. g4 Bg5 25. h4 Bxd2 26. Qxd2 Qxh4 27. Qd4+ Nf6 28.
f3 Kxh6 29. fxe4 Nxg4 30. Bxg4 Qxg4+ 31. Kh1 Rc4 32. Qd2+ Kg7 33. Rae1 Rxe4 34.
Rg1 Qh4+ 35. Qh2 Qxh2+ 36. Kxh2 Rxe1 37. Rxe1 f5 38. Re7+ Rf7 39. Re6 Rc7 40.
Rxd6 Rxc3 41. Rxa6 Rb3 42. Rb6 Rxb4 43. Kg3 Kh6 44. Kf3 Kg5 45. Kg3 Rb3+ 46.
Kg2 b4 47. Rb5 Kg4 48. Rc5 Rb2+ 49. Kg1 b3 50. Rc4+ f4 51. Rc3 Rb1+ 52. Kg2 b2
53. Rb3 g5 54. Rb4 h4 55. Rb3 h3+ 56. Rxh3 Rg1+ 0-1

[Event "Mechanics' Wilkerson Mem TNM; 30/90, SD"]
[Site "San Francisco"]
[Date "2009.08.11"]
[Round "2.5"]
[White "Traub, Igor"]
[Black "Anderson, Michael"]
[Result "1-0"]
[WhiteElo "2074"]
[BlackElo "1924"]
[PlyCount "79"]
[EventDate "2009.??.??"]

1. e4 c5 2. d3 g6 3. Nf3 Bg7 4. g3 Nc6 5. Bg2 d6 6. h3 Nf6 7. Nbd2 O-O 8. O-O
Rb8 9. Nh4 e5 10. a4 a6 11. Nc4 b5 12. axb5 axb5 13. Ne3 Be6 14. f4 Nh5 15. Qe1
exf4 16. gxf4 Nd4 17. f5 Bd7 18. Ra6 Be5 19. Nf3 Nxf3+ 20. Rxf3 Bc8 21. Ra2 Bb7
22. Ng4 Bd4+ 23. Kh1 Bg7 24. Nh6+ Kh8 25. fxg6 fxg6 26. Nf7+ Rxf7 27. Rxf7 d5
28. Ra7 Qc8 29. Qh4 dxe4 30. Raxb7 Rxb7 31. Rxb7 Bf6 32. Bg5 Bxg5 33. Qxg5 Qxb7
34. Qxc5 Qb8 35. dxe4 Qf4 36. Qc3+ Kg8 37. Qe1 Qe5 38. c3 Ng3+ 39. Kg1 Nf5 40.
Qf2 {remainder illegible} 1-0

[Event "Mechanics' Fall TNM; 30/90, SD/30"]
[Site "San Francisco"]
[Date "2009.10.20"]
[Round "1.7"]
[White "Traub, Igor"]
[Black "Askin, Michael"]
[Result "1-0"]
[WhiteElo "2074"]
[BlackElo "1699"]
[PlyCount "61"]
[EventDate "2009.??.??"]

1. Nf3 d5 2. g3 c5 3. Bg2 Nc6 4. d3 Nf6 5. O-O Bf5 6. Nbd2 Qd7 7. Re1 Rd8 8. c3
e5 9. Nh4 Bh3 10. Bh1 g5 11. Nhf3 Qg4 12. e4 dxe4 13. dxe4 Nh5 14. Qb3 Rd7 15.
Nc4 f6 16. Be3 Nf4 17. Bxf4 exf4 18. e5 f5 19. e6 Rc7 20. Nfe5 Nxe5 21. Nxe5
Qh5 22. Rad1 fxg3 23. Qb5+ Ke7 24. hxg3 Bg7 25. Rd7+ Rxd7 26. Qxd7+ Kf6 27. Bf3
g4 28. Bxb7 f4 29. e7 f3 30. Bd5 Kg5 31. Nf7+ 1-0

[Event "Mechanics' Wilkerson Mem TNM; 30/90, SD"]
[Site "San Francisco"]
[Date "2009.09.08"]
[Round "6.4"]
[White "Traub, Igor"]
[Black "Chernobilskiy, Mikhail"]
[Result "0-1"]
[WhiteElo "2074"]
[BlackElo "1792"]
[PlyCount "76"]
[EventDate "2009.??.??"]

1. e4 e5 2. Nf3 Nc6 3. Bb5 a6 4. Ba4 Nf6 5. O-O Nxe4 6. Re1 Nc5 7. Bxc6 dxc6 8.
Nxe5 Be7 9. d4 Ne6 10. Be3 O-O 11. f4 Re8 12. Nc3 f6 13. Nf3 b6 14. Qd3 Kh8 15.
Rad1 Bb7 16. Qc4 Qd6 17. d5 b5 18. Qe4 Nc5 19. Qd4 Rac8 20. b4 Na4 21. Nxa4
bxa4 22. Qa7 Ba8 23. Bc5 Qd7 24. Bxe7 Rxe7 25. Rxe7 Qxe7 26. d6 Qd7 27. Qxa6
cxd6 28. Qxa4 Bb7 29. Qa5 Ra8 30. Qh5 Rxa2 31. Re1 g6 32. Qh6 Qf7 33. f5 gxf5
34. Nd4 Bc8 35. Nxc6 Ba6 36. Re7 Ra1+ 37. Kf2 Rf1+ 38. Kg3 Qg8+ 0-1

[Event "Mechanics' Fall TNM; 30/90, SD/30"]
[Site "San Francisco"]
[Date "2009.12.08"]
[Round "8.3"]
[White "Traub, Igor"]
[Black "Fuentes, Romulo"]
[Result "0-1"]
[WhiteElo "2074"]
[BlackElo "2163"]
[PlyCount "51"]
[EventDate "2009.??.??"]

1. e4 c5 2. Nf3 d6 3. d4 cxd4 4. Nxd4 Nf6 5. Nc3 a6 6. h3 e5 7. Nb3 Be6 8. Bg5
Nbd7 9. Qd2 Be7 10. O-O-O b5 11. Bd3 O-O 12. Kb1 b4 13. Na4 a5 14. f4 Nb6 15.
Bxf6 Bxf6 16. Nxb6 Qxb6 17. f5 Bd7 18. g4 a4 19. Nc1 a3 20. Bc4 axb2 21. Kxb2
Qa7 22. g5 Bd8 23. g6 Bf6 24. Qxd6 Ba4 25. gxf7+ Kh8 26. Bb3 0-1

[Event "Mechanics' Spring TNM; 30/90, SD/30"]
[Site "San Francisco"]
[Date "2009.03.31"]
[Round "3.4"]
[White "Traub, Igor"]
[Black "Leavens, Weston"]
[Result "1-0"]
[WhiteElo "2039"]
[BlackElo "1782"]
[PlyCount "48"]
[EventDate "2009.??.??"]

1. Nf3 f5 2. g3 Nf6 3. Bg2 d6 4. d4 g6 5. O-O Bg7 6. c4 O-O 7. Nc3 c6 8. d5 e5
9. dxe6 Bxe6 10. b3 Na6 11. Bf4 d5 12. Ng5 Bf7 13. Nxf7 Rxf7 14. Rb1 Nh5 15.
Bd2 dxc4 16. Qc1 cxb3 17. Rxb3 Nc5 18. Rb1 Ne6 19. e4 fxe4 20. Nxe4 Nf6 21. Nc3
Rb8 22. Bh6 Bxh6 23. Qxh6 Qf8 24. Qe3 Nc5 {
Scoresheet indecipherable at this point. 1-0 in 49 moves.} 1-0

[Event "Mechanics' Fall TNM; 30/90, SD/30"]
[Site "San Francisco"]
[Date "2009.11.10"]
[Round "4.3"]
[White "Traub, Igor"]
[Black "Lee, Andy"]
[Result "1-0"]
[WhiteElo "2074"]
[BlackElo "2278"]
[PlyCount "57"]
[EventDate "2009.??.??"]

1. e4 e6 2. d4 d5 3. Nc3 Bb4 4. e5 c5 5. a3 Bxc3+ 6. bxc3 Ne7 7. Qg4 Qc7 8.
Qxg7 Rg8 9. Qxh7 cxd4 10. Ne2 Nbc6 11. f4 Bd7 12. Qd3 dxc3 13. Nxc3 a6 14. h4
Nf5 15. Rh3 O-O-O 16. Rb1 Na5 17. Rb4 Bc6 18. h5 Nc4 19. h6 Rg6 20. h7 Rh8 21.
Ne2 f6 22. Nd4 fxe5 23. Nxf5 e4 24. Qd4 Rxh7 25. Qh8+ Rxh8 26. Rxh8+ Kd7 27.
Rh7+ Kd8 28. Rxc7 Kxc7 29. Ne7 1-0

[Event "Mechanics' Spring TNM; 30/90, SD/30"]
[Site "San Francisco"]
[Date "2009.03.17"]
[Round "2.7"]
[White "Traub, Igor"]
[Black "Litowsky, Daniel"]
[Result "1-0"]
[WhiteElo "2039"]
[BlackElo "1700"]
[PlyCount "70"]
[EventDate "2009.??.??"]

1. Nf3 c5 2. e4 Nc6 3. d3 d6 4. g3 Nf6 5. Bg2 g6 6. O-O Bg7 7. h3 O-O 8. c3 Bd7
9. Re1 Qc8 10. Kh2 Re8 11. Na3 a6 12. d4 cxd4 13. cxd4 Qc7 14. Bd2 Rad8 15. Rc1
Qb8 16. d5 Na7 17. Bc3 b5 18. e5 dxe5 19. Bxe5 Qb7 20. Rc7 Qb6 21. Qd4 Qxd4 22.
Bxd4 Nc8 23. Ne5 Bf5 24. g4 Nxd5 25. Bxd5 Rxd5 26. gxf5 Rxd4 27. Nc6 Rd2 28.
Rxc8 Rxc8 29. Nxe7+ Kf8 30. Nxc8 Rxb2 31. Nd6 Bf6 32. Re8+ Kg7 33. Re3 Rxa2 34.
Ne8+ Kh6 35. Nxf6 gxf5 {W went on to win in about 10 more moves} 1-0

[Event "Mechanics' Winter TNM; 30/90, SD/30"]
[Site "San Francisco"]
[Date "2009.02.10"]
[Round "6.9"]
[White "Traub, Igor"]
[Black "Luke, Gary"]
[Result "1-0"]
[WhiteElo "2027"]
[BlackElo "1812"]
[PlyCount "61"]
[EventDate "2009.??.??"]

1. e4 c5 2. d3 b6 3. f4 Nh6 4. Nf3 d6 5. f5 g6 6. fxg6 hxg6 7. Be2 Nc6 8. c3
Bb7 9. Bf4 Bg7 10. Na3 Qd7 11. d4 Qg4 12. Qd2 cxd4 13. cxd4 Nxd4 14. Nxd4 Qh4+
15. g3 Qf6 16. Nab5 Bxe4 17. O-O Nf5 18. Bg5 Qe5 19. Nxf5 gxf5 20. Nc7+ Kd8 21.
Nxa8 Qd4+ 22. Qe3 Qxb2 23. Rad1 d5 24. Rxd5+ Kc8 25. Rd2 Qb4 26. Rc1+ Kb7 27.
Nc7 a5 28. a3 Qa4 29. Bb5 Qc2 30. Rcxc2 Bxc2 31. Rxc2 1-0

[Event "Mechanics' Winter TNM; 30/90, SD/30"]
[Site "San Francisco"]
[Date "2009.02.17"]
[Round "7.6"]
[White "Traub, Igor"]
[Black "Manvelyan, Hayk"]
[Result "1/2-1/2"]
[WhiteElo "2027"]
[BlackElo "1969"]
[PlyCount "109"]
[EventDate "2009.??.??"]

1. e4 e6 2. d4 d5 3. Nc3 Bb4 4. exd5 exd5 5. Qf3 Nc6 6. Bb5 Nge7 7. Nge2 Bf5 8.
Bf4 Bxc2 9. O-O O-O 10. Rac1 Bg6 11. g4 a6 12. Ba4 Na7 13. h4 h6 14. Ng3 c6 15.
h5 Bh7 16. g5 hxg5 17. Bxg5 f6 18. Be3 Nb5 19. Nce2 Nd6 20. Bc2 Qd7 21. Kg2
Nef5 22. Rh1 Nxe3+ 23. fxe3 Rae8 24. Bxh7+ Kxh7 25. Rcg1 Nf7 26. Nf4 Ng5 27.
Qe2 Bd6 28. Ng6 Rg8 29. Qd3 Ne4 30. Ne2 Qg4+ 31. Kf1 Qf3+ 32. Ke1 Bb4+ 33. Nc3
Qf2+ 34. Kd1 Qxg1+ 35. Rxg1 Nf2+ 36. Kc2 Nxd3 37. Kxd3 Bxc3 38. bxc3 b5 39. a4
Re4 40. axb5 axb5 41. Rg3 Rge8 42. Nf4 R8e7 43. Ng6 Rb7 44. Rg2 Kg8 45. Ra2 Kf7
46. Ra6 Rc7 47. Ra8 Ke6 48. Rb8 Kf5 49. Nf4 Rce7 50. Ng2 Kg5 51. Rh8 Rg4 52.
Ne1 Rg3 53. Nc2 Rh3 54. h6 Rxh6 55. Rd8 {scoresheets end here} 1/2-1/2

[Event "Mechanics' Spring TNM; 30/90, SD/30"]
[Site "San Francisco"]
[Date "2009.04.28"]
[Round "7.6"]
[White "Traub, Igor"]
[Black "Periwal, Prashant"]
[Result "1-0"]
[WhiteElo "2039"]
[BlackElo "1860"]
[PlyCount "73"]
[EventDate "2009.??.??"]

1. e4 c5 2. d3 Nf6 3. Nf3 d6 4. g3 e5 5. h3 Nc6 6. Bg2 h6 7. O-O Be6 8. Be3 Qd7
9. Kh2 g5 10. Ng1 Nh7 11. c3 Bg7 12. Ne2 f5 13. exf5 Bxf5 14. d4 exd4 15. cxd4
Nb4 16. Nbc3 c4 17. d5 Bd3 18. Rc1 Bxc3 19. Rxc3 Nxa2 20. Rxd3 cxd3 21. Qxd3
Kf7 22. f4 g4 23. Qa3 Rae8 24. Nd4 Re7 25. hxg4 Qxg4 26. Ne6 Rg8 27. Bf2 Nf6
28. Qxd6 Qh5+ 29. Bh3 Ne4 30. Qe5 Qe2 31. Qf5+ Ke8 32. Nd4 Nxg3 33. Qc8+ Kf7
34. Be6+ Kf6 35. Qxg8 Nxf1+ 36. Kg1 Qd1 37. Bh4# 1-0

[Event "Mechanics' Winter TNM; 30/90, SD/30"]
[Site "San Francisco"]
[Date "2009.01.13"]
[Round "2.5"]
[White "Traub, Igor"]
[Black "Persidsky, Andre"]
[Result "1-0"]
[WhiteElo "2027"]
[BlackElo "1829"]
[PlyCount "84"]
[EventDate "2009.??.??"]

1. e4 c5 2. d3 Nc6 3. Nf3 d6 4. c3 Nf6 5. h3 g6 6. Bg5 Bg7 7. Be2 O-O 8. Qd2
Qb6 9. Na3 Re8 10. O-O Nd7 11. Nc4 Qc7 12. d4 b5 13. Ne3 Rb8 14. Ng4 f6 15.
Nh6+ Kf8 16. Be3 Nd8 17. a4 b4 18. dxc5 Nxc5 19. cxb4 Nb3 20. Qc3 Qxc3 21. bxc3
Nxa1 22. Rxa1 a6 23. b5 Bb7 24. Nd2 axb5 25. Bxb5 Bc6 26. Bc4 e6 27. Ra3 f5 28.
f3 d5 29. Bd3 Nb7 30. a5 Red8 31. exf5 gxf5 32. g4 d4 33. cxd4 Bxd4 34. Kf2 f4
35. Bxd4 Rxd4 36. Ne4 Rbd8 37. Ke2 Bxe4 38. fxe4 Nc5 39. Bb5 Rxe4+ 40. Kf2 Rb4
41. Bc6 Na6 42. g5 Rd6 {
The scoresheets end here. White won in a mad time scramble.} 1-0

[Event "Mechanics' Wilkerson Mem TNM; 30/90, SD"]
[Site "San Francisco"]
[Date "2009.08.25"]
[Round "4.3"]
[White "Traub, Igor"]
[Black "Russell, Joe Ryan"]
[Result "1-0"]
[WhiteElo "2074"]
[BlackElo "1757"]
[PlyCount "63"]
[EventDate "2009.??.??"]

1. Nf3 Nf6 2. g3 d5 3. d3 Bg4 4. Bg2 c6 5. Nbd2 Nbd7 6. e4 Ne5 7. Qe2 e6 8.
exd5 Nxf3+ 9. Nxf3 cxd5 10. O-O Be7 11. c4 O-O 12. Bd2 Re8 13. b4 dxc4 14. dxc4
e5 15. Qe3 Rc8 16. Rac1 h6 17. Nxe5 Bd6 18. f4 Qe7 19. c5 Bxe5 20. fxe5 Qxe5
21. Qxe5 Rxe5 22. Bxb7 Rd8 23. Bf4 Re2 24. Rf2 Re7 25. Bg2 Bc8 26. a4 Ng4 27.
Bd6 Re3 28. Rb2 Rde8 29. Bc6 Re1+ 30. Rxe1 Rxe1+ 31. Kg2 Bf5 32. h3 1-0

[Event "Mechanics' Fall TNM; 30/90, SD/30"]
[Site "San Francisco"]
[Date "2009.11.24"]
[Round "6.2"]
[White "Traub, Igor"]
[Black "Sandberg, Evan"]
[Result "0-1"]
[WhiteElo "2074"]
[BlackElo "2095"]
[PlyCount "110"]
[EventDate "2009.??.??"]

1. e4 c5 2. d3 Nc6 3. g3 g6 4. Bg2 Bg7 5. Nf3 d6 6. O-O e5 7. h3 Nge7 8. c3 O-O
9. Be3 b6 10. a4 Bb7 11. Na3 d5 12. Qe2 d4 13. cxd4 Nxd4 14. Nxd4 cxd4 15. Bd2
Qd7 16. Nc4 Ba6 17. b3 Nc6 18. f4 f6 19. Rac1 Rac8 20. h4 b5 21. axb5 Bxb5 22.
Kh2 Bxc4 23. Rxc4 exf4 24. gxf4 Ne7 25. Bh3 f5 26. Bb4 Rxc4 27. bxc4 Rb8 28.
Bc5 Qc7 29. Bxe7 Qxe7 30. e5 Qxh4 31. Qf2 Qxf2+ 32. Rxf2 Bh6 33. Kg3 Rb3 34.
Bf1 Rb1 35. Bg2 Rd1 36. Bd5+ Kf8 37. Rf3 Rc1 38. Rf2 Rc3 39. Rd2 a5 40. Bc6 Ke7
41. Rd1 Kd8 42. Kf3 g5 43. Rd2 g4+ 44. Kg3 Bf8 45. Bd5 Ke7 46. Kh4 Bh6 47. Kg3
a4 48. Bg8 Rc1 49. Rh2 Rg1+ 50. Rg2 Bxf4+ 51. Kf2 Be3+ 52. Kg3 Bf4+ 53. Kf2
Rxg2+ 54. Kxg2 a3 55. c5 Bxe5 0-1

[Event "Mechanics' Fall TNM; 30/90, SD/30"]
[Site "San Francisco"]
[Date "2009.11.10"]
[Round "4.15"]
[White "Trestor, David"]
[Black "Andries, Craig"]
[Result "1-0"]
[WhiteElo "1656"]
[BlackElo "1932"]
[PlyCount "93"]
[EventDate "2009.??.??"]

1. e4 d6 2. d4 Nf6 3. Nc3 g6 4. Be3 c6 5. h3 Qa5 6. Qd2 b5 7. e5 b4 8. exf6
bxc3 9. bxc3 exf6 10. Bc4 Bg7 11. Ne2 d5 12. Bd3 O-O 13. Bh6 Re8 14. Bxg7 Kxg7
15. O-O Nd7 16. g4 Nf8 17. f4 Bd7 18. Qe1 Re3 19. Kg2 Rae8 20. c4 Qd8 21. Rf3
Rxf3 22. Kxf3 Qe7 23. Qd2 h5 24. cxd5 cxd5 25. gxh5 Bxh3 26. hxg6 f5 27. gxf7
Bg4+ 28. Kf2 Qh4+ 29. Kg1 Re6 30. Qe1 Qh6 31. Qf2 Bxe2 32. Bxf5 Re7 33. Re1 Bf3
34. Qg3+ Kf6 35. Rxe7 Kxe7 36. Qxf3 Qg7+ 37. Kf2 Qxd4+ 38. Qe3+ Qxe3+ 39. Kxe3
Kf6 40. Bc8 Kxf7 41. Kd4 Ng6 42. f5 Ne7 43. Be6+ Kf6 44. a3 a5 45. c3 a4 46.
Bd7 Kf7 47. Ke5 1-0

[Event "Mechanics' Fall TNM; 30/90, SD/30"]
[Site "San Francisco"]
[Date "2009.12.15"]
[Round "9.10"]
[White "Trestor, David"]
[Black "Grey, Peter"]
[Result "0-1"]
[WhiteElo "1656"]
[BlackElo "2007"]
[PlyCount "92"]
[EventDate "2009.??.??"]

1. e4 c5 2. Nc3 Nc6 3. f4 g6 4. Nf3 Bg7 5. Bb5 Nd4 6. O-O a6 7. Bc4 e6 8. a4
Ne7 9. Nxd4 cxd4 10. Ne2 d5 11. exd5 Nxd5 12. Qe1 O-O 13. Qf2 Nb4 14. c3 Nc6
15. b4 Qc7 16. Ba3 Rd8 17. Rac1 dxc3 18. dxc3 b5 19. Bb3 Bb7 20. Kh1 Rd7 21.
Nd4 Nxd4 22. cxd4 Qd8 23. Bb2 Bxd4 24. Bxd4 Rxd4 25. Rcd1 Rxd1 26. Rxd1 Qc7 27.
Qd2 Rc8 28. axb5 axb5 29. Kg1 Qc3 30. Ba2 Qxd2 31. Rxd2 Be4 32. Kf2 Rc3 33. Rb2
Bd3 34. Ke3 Bc4+ 35. Kd4 Rc1 36. Bxc4 Rxc4+ 37. Ke5 Kg7 38. g3 Rc6 39. g4 f6+
40. Kd4 Rc4+ 41. Ke3 e5 42. fxe5 fxe5 43. h3 Kf6 44. Kf3 Kg5 45. Rb1 Kh4 46.
Re1 e4+ 0-1

[Event "Mechanics' Fall TNM; 30/90, SD/30"]
[Site "San Francisco"]
[Date "2009.12.01"]
[Round "7.8"]
[White "Trestor, David"]
[Black "Manvelyan, Hayk"]
[Result "0-1"]
[WhiteElo "1656"]
[BlackElo "2033"]
[PlyCount "93"]
[EventDate "2009.??.??"]

1. e4 e6 2. d4 d5 3. Nc3 Bb4 4. e5 b6 5. Bd2 Bb7 6. Qg4 Bf8 7. f4 Qd7 8. Nf3
Nc6 9. a3 O-O-O 10. Bd3 f6 11. f5 Kb8 12. fxe6 Qe8 13. O-O-O Bc8 14. Bb5 a6 15.
Bd3 Bxe6 16. Qg3 Kb7 17. Rhf1 Qd7 18. Ne2 Nge7 19. exf6 gxf6 20. Rde1 Nf5 21.
Qf2 Nd6 22. Nc3 Re8 23. Qe2 Nb8 24. Be3 Bg7 25. b3 f5 26. Ne5 Bxe5 27. dxe5 Ne4
28. Bxe4 fxe4 29. Rd1 Bg4 30. Qd2 Bxd1 31. Rxd1 Qe6 32. Qxd5+ Qxd5 33. Rxd5 Kc6
34. Rd4 Rhg8 35. g3 Rxe5 36. Rc4+ Kb7 37. Bf4 Rc5 38. Rxc5 bxc5 39. Nxe4 Kc6
40. Nf6 Rg7 41. c4 Nd7 42. Nd5 Nf8 43. Be3 Ne6 44. Kd2 Kd6 45. b4 c6 46. Nc3
Rd7 47. Ke2 {Remaining moves not recorded due to time pressure.} 0-1

[Event "Mechanics' Fall TNM; 30/90, SD/30"]
[Site "San Francisco"]
[Date "2009.10.27"]
[Round "2.27"]
[White "Trestor, David"]
[Black "Van Gorder, Neil"]
[Result "1/2-1/2"]
[WhiteElo "1656"]
[BlackElo "1462"]
[PlyCount "71"]
[EventDate "2009.??.??"]

1. e4 c5 2. Nc3 Nc6 3. Nf3 g6 4. d4 cxd4 5. Nxd4 Bg7 6. Be3 Nf6 7. f3 O-O 8.
Qd2 d5 9. Nxc6 bxc6 10. O-O-O Be6 11. exd5 Nxd5 12. Bd4 Nxc3 13. Qxc3 Bxd4 14.
Rxd4 Qb6 15. Bc4 Bxc4 16. Rxc4 Rac8 17. Qd2 Rfd8 18. Qh6 Rb8 19. b3 Rd4 20. Rc3
Rbd8 21. Re1 Qa5 22. Kb2 e6 23. Qe3 Qb6 24. Rd3 Rxd3 25. cxd3 Qb5 26. d4 a5 27.
Rc1 Qb6 28. Rc4 Rd5 29. Qc3 Kf8 30. Rc5 Ke8 31. Rxc6 Qxd4 32. Qxd4 Rxd4 33. Kc3
Rd5 34. Rc7 h5 35. a4 h4 36. Rc4 1/2-1/2

[Event "Mechanics' Fall TNM; 30/90, SD/30"]
[Site "San Francisco"]
[Date "2009.11.17"]
[Round "5.8"]
[White "Trestor, David"]
[Black "Woebcke, Carl"]
[Result "1-0"]
[WhiteElo "1656"]
[BlackElo "1649"]
[PlyCount "87"]
[EventDate "2009.??.??"]

1. e4 c5 2. Nf3 d6 3. d4 cxd4 4. Nxd4 Nf6 5. Nc3 a6 6. Bg5 e6 7. f4 Nbd7 8. Qf3
Be7 9. O-O-O Qc7 10. f5 e5 11. Nb3 b5 12. Bxf6 Nxf6 13. g4 b4 14. Nd5 Nxd5 15.
Rxd5 Bb7 16. Rd1 a5 17. Bb5+ Kf8 18. Kb1 a4 19. Nd2 Qc5 20. Bc4 Rc8 21. h4 Ba6
22. Bxa6 Qxc2+ 23. Ka1 a3 24. Qb3 Qxb3 25. Nxb3 Rc6 26. Rc1 Rxc1+ 27. Rxc1 g6
28. g5 f6 29. Rc8+ Kg7 30. Rc7 Kf8 31. gxf6 Bxf6 32. h5 gxf5 33. Bc4 Ke8 34.
Nd2 f4 35. b3 Be7 36. Rb7 Rf8 37. Nf3 Rf6 38. Be2 Rf7 39. Rb8+ Bd8 40. Bb5+ Ke7
41. Ng5 Rg7 42. Rb7+ Kf6 43. Rxg7 Kxg7 44. Ne6+ 1-0

[Event "Mechanics' Fall TNM; 30/90, SD/30"]
[Site "San Francisco"]
[Date "2009.10.20"]
[Round "1.22"]
[White "Van Gorder, Neil"]
[Black "Leavens, Weston"]
[Result "0-1"]
[WhiteElo "1462"]
[BlackElo "1812"]
[PlyCount "101"]
[EventDate "2009.??.??"]

1. e4 e6 2. d4 d5 3. e5 c5 4. Nf3 Qb6 5. c3 Nc6 6. Na3 cxd4 7. cxd4 Bb4+ 8. Bd2
a6 9. Be2 Nge7 10. Bxb4 Qxb4+ 11. Qd2 Qxd2+ 12. Kxd2 O-O 13. Nc2 Bd7 14. h4 f6
15. h5 fxe5 16. dxe5 Rf7 17. Raf1 Raf8 18. Ne3 Rf4 19. Rh4 Rxh4 20. Nxh4 Nxe5
21. f4 N5c6 22. g4 Nd4 23. Bd3 Bb5 24. Bxb5 Nxb5 25. f5 e5 26. g5 Nd6 27. f6
Ne4+ 28. Kd3 Nc5+ 29. Ke2 gxf6 30. gxf6 Nc6 31. Nxd5 Ne4 32. Ke3 Nd6 33. Nf5
Nxf5+ 34. Rxf5 Kf7 35. Ke4 Rg8 36. Ne3 Rd8 37. Nd5 Rg8 38. Ne3 Rg1 39. Nc4 Rg4+
40. Kd5 Nb4+ 41. Kc5 Nd3+ 42. Kb6 Rxc4 43. Kxb7 Rf4 44. Rg5 Rxf6 45. b3 e4 46.
Rd5 Ke7 47. a4 Rd6 48. Rg5 e3 49. Rg2 Nf2 50. Rg3 Re6 51. Rg7+ 0-1

[Event "Mechanics' Fall TNM; 30/90, SD/30"]
[Site "San Francisco"]
[Date "2009.12.01"]
[Round "7.24"]
[White "Van Gorder, Neil"]
[Black "Litowsky, Daniel"]
[Result "1/2-1/2"]
[WhiteElo "1462"]
[BlackElo "1700"]
[PlyCount "71"]
[EventDate "2009.??.??"]

1. e4 e5 2. Nf3 Nc6 3. d4 exd4 4. Bc4 Be7 5. O-O d6 6. Nxd4 Nxd4 7. Qxd4 Bf6 8.
Qd1 Ne7 9. Re1 O-O 10. c3 a6 11. a4 Ng6 12. Nd2 Be6 13. Bd3 Be5 14. Nc4 Qf6 15.
Nxe5 dxe5 16. Qe2 Rad8 17. Be3 Nf4 18. Bxf4 Qxf4 19. Rad1 Rd6 20. Bc2 Rfd8 21.
Rxd6 Rxd6 22. Rd1 h6 23. Rxd6 cxd6 24. Qd1 Bg4 25. f3 Qe3+ 26. Kf1 Be6 27. Bd3
Bb3 28. Qxb3 Qxd3+ 29. Kf2 b5 30. axb5 axb5 31. Ke1 g5 32. Qd1 Qe3+ 33. Kf1 Qc5
34. Qd5 Kg7 35. Qxc5 dxc5 36. g4 1/2-1/2

[Event "Mechanics' Fall TNM; 30/90, SD/30"]
[Site "San Francisco"]
[Date "2009.12.15"]
[Round "9.25"]
[White "Van Gorder, Neil"]
[Black "Morgan, Jerry"]
[Result "0-1"]
[WhiteElo "1462"]
[BlackElo "1481"]
[PlyCount "73"]
[EventDate "2009.??.??"]

1. e4 c6 2. d4 d5 3. exd5 cxd5 4. Bd3 Nc6 5. c3 Qc7 6. Nf3 Bg4 7. h3 Bh5 8. g4
Bg6 9. O-O Nf6 10. Re1 O-O-O 11. Nbd2 Bxd3 12. Nb3 Bc4 13. Ne5 e6 14. Bf4 Bd6
15. Nd2 Ba6 16. Rc1 Na5 17. b3 Kb8 18. c4 dxc4 19. bxc4 Qe7 20. Qa4 Bc7 21.
Ndf3 Nd7 22. Red1 f6 23. Nxd7+ Qxd7 24. Bxc7+ Qxc7 25. d5 Nxc4 26. dxe6 Rxd1+
27. Qxd1 Qe7 28. Qd7 Qxd7 29. exd7 Rd8 30. Rd1 Nb6 31. g5 Rxd7 32. Rxd7 Nxd7
33. gxf6 Nxf6 34. Kg2 Bc4 35. a3 Bd5 36. Kg3 Ne4+ 37. Kg2 0-1

[Event "Mechanics' Fall TNM; 30/90, SD/30"]
[Site "San Francisco"]
[Date "2009.11.17"]
[Round "5.20"]
[White "Van Gorder, Neil"]
[Black "Sherwood, Peter"]
[Result "1/2-1/2"]
[WhiteElo "1462"]
[BlackElo "1737"]
[PlyCount "90"]
[EventDate "2009.??.??"]

1. e4 c5 2. Nc3 d6 3. f4 Nc6 4. Nf3 e6 5. Bb5 Bd7 6. O-O a6 7. Bxc6 Bxc6 8. d3
Be7 9. Qe1 Nf6 10. e5 Nd7 11. exd6 Bxd6 12. f5 Qf6 13. fxe6 Qxe6 14. Qxe6+ fxe6
15. Ng5 Ke7 16. Rf7+ Ke8 17. Rxg7 Be5 18. Rxh7 Rg8 19. Nce4 Nf8 20. Rh6 b6 21.
Be3 Ke7 22. Rf1 Be8 23. Rh3 Bg6 24. Rhf3 Rg7 25. g4 Nd7 26. b3 Rh8 27. h3 Bc7
28. d4 cxd4 29. Bxd4 Be5 30. Bxe5 Nxe5 31. Rf6 Bxe4 32. Rxe6+ Kd7 33. Rxe5 Bxc2
34. Kg2 Rc8 35. Rf7+ Rxf7 36. Nxf7 Bg6 37. Ng5 Rc2+ 38. Kg3 Rxa2 39. Re6 Bc2
40. Rxb6 Ra3 41. h4 Bxb3 42. h5 Bd1+ 43. Kf4 Ra4+ 44. Kf5 Bxg4+ 45. Kg6 Bxh5+ {
draw offer} 1/2-1/2

[Event "Mechanics' Fall TNM; 30/90, SD/30"]
[Site "San Francisco"]
[Date "2009.10.20"]
[Round "1.10"]
[White "Woebcke, Carl"]
[Black "Manvelyan, Hayk"]
[Result "0-1"]
[WhiteElo "1649"]
[BlackElo "2033"]
[PlyCount "82"]
[EventDate "2009.??.??"]

1. e4 e6 2. d4 d5 3. exd5 exd5 4. Nf3 Bd6 5. Nc3 c6 6. Bd3 Ne7 7. O-O O-O 8.
Re1 Qc7 9. h3 h6 10. Re2 Be6 11. Qe1 Nd7 12. Ne5 Nxe5 13. dxe5 Bb4 14. a3 Ba5
15. b4 Bb6 16. Na4 Qd7 17. Nxb6 axb6 18. Bb2 c5 19. Rd1 Qc7 20. c3 Rad8 21. f4
Qc8 22. g4 d4 23. f5 Bb3 24. Rc1 Nd5 25. cxd4 Nf4 26. Re3 Bd5 27. Qg3 Nxd3 28.
Rxd3 c4 29. b5 Qd7 30. Re3 Qxb5 31. Bc3 Bc6 32. e6 Qd5 33. Qh2 fxe6 34. fxe6
Rde8 35. Re5 Qf3 36. Bb4 Rf4 37. e7 Rxd4 38. Rf5 Qe3+ 39. Qf2 Qxc1+ 40. Kh2
Qh1+ 41. Kg3 Rd3+ 0-1

[Event "Mechanics' Fall TNM; 30/90, SD/30"]
[Site "San Francisco"]
[Date "2009.11.03"]
[Round "3.15"]
[White "Woebcke, Carl"]
[Black "Riese, Kayven"]
[Result "1-0"]
[WhiteElo "1649"]
[BlackElo "1863"]
[PlyCount "39"]
[EventDate "2009.??.??"]

1. e4 c5 2. Nf3 d6 3. d4 cxd4 4. Nxd4 Nf6 5. Nc3 Nbd7 6. Bc4 a6 7. a4 Qc7 8.
Ba2 e6 9. O-O Nc5 10. Re1 b6 11. b4 Nb7 12. Nd5 Nxd5 13. exd5 e5 14. Nc6 f6 15.
f4 Bf5 16. fxe5 fxe5 17. Bb2 Kd7 18. Qf3 Bg6 19. Qg4+ Ke8 20. Bxe5 1-0